Engineering Mathematics-1 / (Record no. 38835)

MARC details
000 -LEADER
fixed length control field 00718nam a22002057a 4500
005 - DATE AND TIME OF LATEST TRANSACTION
control field 20100803102716.0
010 ## - LCCN (DPL NO)
LC control number ENG-97860
020 ## - INTERNATIONAL STANDARD BOOK NUMBER
International Standard Book Number 9789380400068
Terms of availability 200.00
035 ## - SYSTEM CONTROL NUMBER
System control number EN-81393
037 ## - SOURCE OF ACQUISITION
Source of stock number/acquisition DBAD/PUB
082 ## - DEWEY DECIMAL CLASSIFICATION NUMBER
Classification number 510.2462
100 ## - MAIN ENTRY--PERSONAL NAME
Personal name Vimala,J
245 ## - TITLE STATEMENT
Title Engineering Mathematics-1 /
Statement of responsibility, etc by J Vimala
260 ## - PUBLICATION, DISTRIBUTION, ETC. (IMPRINT)
Place of publication, distribution, etc Karaikudi
Name of publisher, distributor, etc Nitheeshpraba Pathippaham
Date of publication, distribution, etc (201?)
270 ## - ADDRESS
Address 55/1,Railway-College Road
City Karaikudi
Postal code 630003
300 ## - PHYSICAL DESCRIPTION
Extent 322p
Dimensions 19cm(pbk)
650 ## - SUBJECT ADDED ENTRY--TOPICAL TERM
Topical term or geographic name as entry element engineering mathematic
942 ## - ADDED ENTRY ELEMENTS (KOHA)
Source of classification or shelving scheme Dewey Decimal Classification
Item type English Books
Classification part 510.2462
Call number suffix VIM
Holdings
Withdrawn status Lost status Not for loan Collection code Home library Current library Date acquired Source of acquisition Cost, normal purchase price Full call number Barcode Copy number Cost, replacement price Koha item type
    Not For Loan Non-fiction D.B.Act.Division D.B.Act.Division 03/08/2010 DBAD/PUB 200.00 510.2462 VIM EN-81393 1 200.00 English Books

© Delhi Public Library
Hit Counter
free hit counter